000 01200nam a2200229Ia 4500
003 Ost
005 20260507074854.0
008 260507s9999||||xx |||||||||||||| ||und||
040 _cfsecg
041 _aara
082 _a658.31124
100 _aفراي، رون
_eمؤلف
245 0 _aالإجابات النموذجية للنجاح في المقابلات الشخصية /
_c رون فراي
246 _a101great answers to the toughest interview questions
260 _aالقاهرة:
_bدار الفاروق للنشر والتوزيع,
_c2006
300 _a176 صفحة؛
_bإيضاحات ؛
_c24 سم
490 _aمهارات الادارة الحديثة
520 _aيضم معرفة الذات، اتخاذ خطوات جدية، التعرف على الآخر، التعامل مع مشكلة نقص الخبرة، خبرات العمل، التركيز على أمور محددة، معلومات عن الوظيفة السابقة، أسباب اختيار الشركة، الأسئلة المحظورة في المقابلات الشخصية، الأسئلة الختامية.
653 _aالتوظيف
653 _aتوظيف- مقابلات
942 _cكتاب
999 _c41596
_d41596